| 000 | 02878nam0a2200397 4500 | ||
|---|---|---|---|
| 001 | RU\NLR\BIBL_A\012380753 | ||
| 005 | 20260408212311.0 | ||
| 010 |
_a978-5-406-05348-5 _9500 |
||
| 035 | _a(NLR Aleph) 012380753 | ||
| 090 |
_a11626421 _c11626421 |
||
| 100 | _a20201019d2021 k y0rusy50 ca | ||
| 101 | 0 |
_arus _aeng |
|
| 102 | _aRU | ||
| 105 | _aach|z|||010zy | ||
| 181 | 0 |
_ai _baxxe |
|
| 182 | 0 | _an | |
| 200 | 1 |
_aДенежная реформа 1947 года и ее роль в восстановлении народного хозяйства СССР _eколлективная монография, [которая обобщила материалы VII научно-практической конференции "Денежная реформа 1947 года и ее роль в восстановлении народного хозяйства СССР", проведенной 7 декабря 2017 г. к 70-летию денежной реформы 1947 г. _f[Алленых М.А., к.э.н., доц., Альтман М.М., к.ист.н., Безсмертная Е.Р., к.э.н. и др.] _gпод редакцией Р.М. Нуреева, М.А. Эскиндарова _gФинансовый университет при Правительстве Российской Федерации |
|
| 203 |
_aТекст _bвизуальный _cнепосредственный |
||
| 210 |
_aМосква _cКноРус _d2021 |
||
| 215 |
_a321 с. _cил., цв. ил., портр., факс. _d22 |
||
| 300 | _aАвт. указаны на с. 309-311 | ||
| 300 | _aЧасть текста англ. | ||
| 320 | _aБиблиогр. в подстроч. примеч. | ||
| 606 |
_aДенежные реформы _yСССР _z1947 _3RU\NLR\AUTH\6601655165 _92410000 |
||
| 686 | 1 | _aУ26(2)26-183 | |
| 701 | 1 |
_aАлленых _bМ. А. _gМарина Анатольевна |
|
| 701 | 1 |
_8rus _7ca _aАльтман _bМ. М. _gМария Михайловна _3RU\NLR\AUTH\7781662 _964590 |
|
| 701 | 1 |
_aБезсмертная _bЕ. Р. _gЕкатерина Рэмовна |
|
| 702 | 1 |
_4340 _8rus _7ca _aНуреев _bР. М. _f1950- _gРустем Махмутович _3RU\NLR\AUTH\7752704 _935637 |
|
| 711 | 1 | 2 |
_a"Денежная реформа 1947 года и ее роль в восстановлении народного хозяйства", научно-практическая конференция _d7 _eМосква _f2017 _9740040 _3RU\NLR\AUTH\880538273 |
| 712 | 0 | 2 |
_4557 _aФинансовый университет при Правительстве Российской Федерации _cМосква _3RU\NLR\AUTH\8810171129 _9838093 |
| 942 | _cBOOK | ||
| 980 | _aNB | ||